İçeriği atla

I've nothing else — to bring, You know

Классическое произведение, относящееся к общественному достоянию.

Kaydedildi:
Detaylı Bibliyografya
Yazar: Emily E. D.
Materyal Türü: Книга
Dil:Russian
Baskı/Yayın Bilgisi: Санкт-Петербург Лань 2013
Online Erişim:http://e.lanbook.com/books/element.php?pl1_id=40621
https://e.lanbook.com/img/cover/book/40621.jpg
Etiketler: Etiketle
Etiket eklenmemiş, İlk siz ekleyin!
LEADER 00984nam0a2200241 i 4500
001 40621
003 RuSpLAN
005 20221220173920.0
008 221220s2013 ru gs 000 0 rus
020 |a 978-5-507-35331-6 
040 |a RuSpLAN 
041 0 |a rus 
044 |a ru 
245 0 0 |a I've nothing else — to bring, You know  |c Emily E. D. 
260 |a Санкт-Петербург  |b Лань  |c 2013 
300 |a 1 с. 
504 |a Библиогр.: доступна в карточке книги, на сайте ЭБС Лань 
520 8 |a Классическое произведение, относящееся к общественному достоянию. 
521 8 |a Книга из коллекции Лань - Художественная литература 
100 1 |a Emily E. D. 
856 4 |u http://e.lanbook.com/books/element.php?pl1_id=40621 
856 4 8 |u https://e.lanbook.com/img/cover/book/40621.jpg 
953 |a https://e.lanbook.com/img/cover/book/40621.jpg 
Cannot write session to /tmp/vufind_sessions/sess_kod4leq6rb7lsbvjld9ke2c7ut